| 000 | 00930 a2200301 4500 | ||
|---|---|---|---|
| 001 | 200421228 | ||
| 003 | TR-AnTOB | ||
| 005 | 20250707084657.0 | ||
| 008 | 161011s tu 000 0 | ||
| 020 | _a9789755905211 | ||
| 040 |
_aTR-AnTOB _btur _cTR-AnTOB |
||
| 041 | 0 | _atur | |
| 060 |
_aW 74 _b.A83 2014 |
||
| 096 | _aW74 .A83 2014 | ||
| 100 | 1 |
_aAtasever, Mehmet _9106577 |
|
| 245 | 1 | 0 |
_aTürkiye sağlık hizmetlerinin finansmanı ve sağlık harcamalarının analizi : _b2002-2013 Dönemi / _cMehmet Atasever. |
| 264 |
_aAnkara : _bT.C. Sağlık Bakanlığı Yayınları, _c2014 |
||
| 300 |
_a282 s. ; _c28 cm. |
||
| 336 |
_atext _2rdacontent |
||
| 337 |
_aunmediated _2rdamedia |
||
| 338 |
_avolume _2rdacarrier |
||
| 490 | 0 |
_aT.C. Sağlık Bakanlığı Yayınları ; _v983. |
|
| 650 | 0 | 2 |
_aHealth Care Costs _975117 |
| 650 | 0 | 0 |
_aHealth planning _953463 |
| 651 | 0 |
_aTurkey _9119714 |
|
| 942 |
_cBK _2lcc |
||
| 999 |
_c200421228 _d26841 |
||